000 00478nam a2200181Ia 4500
001 8029
003 GE_BSU
008 181216s||||||||xx |||||||||||||| ||und||
040 _cGE_BSU
245 _aНеврологический журнал, №4 том18 2013.
245 _bJournal of Neorology.
245 _cгл. ред.Н.Н. ЯХНО и др.
260 _aМосква.
260 _bМедицина.
260 _c2013.
300 _a56стр.29см.
942 _cCR
999 _c41370
_d41370